000 01154nam a22002177a 4500
999 _c20140
_d20140
003 AR-CdUCM
008 190312b ||||| |||| 00| 0 spa d
040 _aMUNICIPALIDAD PROVINCIAL DEL CUSCO
_cBIBLIOTECA MUNICIPAL DEL CUSCO
082 _a985.05 /
_bB26
100 _aBasadre, Jorge
_9198
245 _aHistoria de la República del Perú :
_baddenda 1930-1933 /
260 _aLima :
_bUniversitaria,
_c1968.
300 _a11 tomos ;
_bFotografías,
_c25 cm.
505 _aContenido: t.3 -- Los efectos de la afluencia fiscal sobre la consolidación y la conversión de la deuda interna (1851-52) -- Aspectos culturales y el estado de animo colectivo entre (1851-1853) -- La solución constitucional moderna en 1860 -- La defensa nacional entre 1856 y 1862 y la guerra con el Ecuador -- t.11: Los desorientados seis meses que siguieron al colapso del lenguiismo y la iniciación del tercer militarismo -- La frágil estabilidad de mayo a diciembre de 1931...
650 _aCultura republicana
_916183
650 _aHistoria
_9136
650 _aEstudio y enseñanza
_92610
650 _aPerú
_935
942 _2ddc
_cLIBROS
945 _adavv
_d2019-05-27